
Library Catalogue

| 000 -LEADER | |
|---|---|
| fixed length control field | 00603nam a2200205Ia 4500 |
| 003 - CONTROL NUMBER IDENTIFIER | |
| control field | OSt |
| 005 - DATE AND TIME OF LATEST TRANSACTION | |
| control field | 20220205161408.0 |
| 008 - FIXED-LENGTH DATA ELEMENTS--GENERAL INFORMATION | |
| fixed length control field | 220108s9999 xx 000 0 und d |
| 020 ## - INTERNATIONAL STANDARD BOOK NUMBER | |
| International Standard Book Number | 978-90-806452-3-3 |
| 040 ## - CATALOGING SOURCE | |
| Transcribing agency | nls |
| 245 #0 - TITLE STATEMENT | |
| Title | In the Shade of the Commons: Towards a Culture of Open Networks |
| 245 #0 - TITLE STATEMENT | |
| Statement of responsibility, etc. | (ed.) Bansal, Lipika, Paul Keller, and Geert Lovink |
| 260 ## - PUBLICATION, DISTRIBUTION, ETC. | |
| Place of publication, distribution, etc. | Amsterdam, The Netherlands |
| 260 ## - PUBLICATION, DISTRIBUTION, ETC. | |
| Name of publisher, distributor, etc. | Waag Society |
| 260 ## - PUBLICATION, DISTRIBUTION, ETC. | |
| Date of publication, distribution, etc. | 2006 |
| 300 ## - PHYSICAL DESCRIPTION | |
| Extent | 174p. |
| 650 ## - SUBJECT ADDED ENTRY--TOPICAL TERM | |
| Topical term or geographic name entry element | Legal Studies |
| 856 ## - ELECTRONIC LOCATION AND ACCESS | |
| Uniform Resource Identifier | <a href="https://waag.org/sites/waag/files/Publicaties/InTheShade.pdf">https://waag.org/sites/waag/files/Publicaties/InTheShade.pdf</a> |
| 942 ## - ADDED ENTRY ELEMENTS (KOHA) | |
| Koha item type | BOOKs |
| Source of classification or shelving scheme | Dewey Decimal Classification |
| Withdrawn status | Lost status | Source of classification or shelving scheme | Damaged status | Not for loan | Home library | Current library | Shelving location | Date acquired | Total Checkouts | Barcode | Date last seen | Price effective from | Koha item type |
|---|---|---|---|---|---|---|---|---|---|---|---|---|---|
| Dewey Decimal Classification | . | . | 08.01.2022 | QAP042 | 08.01.2022 | 08.01.2022 | QAMRA Archive |